Compendio del sistema métrico-decimal.

Gespeichert in:
Bibliographische Detailangaben
1. Verfasser: Reyes, Francisco de P.
Format: Buch
Sprache:Spanisch
Erschienen: Cuernavaca. Imp. del Gobierno del Estado. 1879
Katalog:MANES:  Suchergebnis im Bibliothekskatalog
Schulbuchspezifische Eigenschaften:
Tags: Tag hinzufügen
Keine Tags, Fügen Sie den ersten Tag hinzu!
Hinzugefügt zu:05.12.2018
Geändert in:05.04.2022

MARC

LEADER 00000nam a2200000 4500
005 20220406014856.0
008 181206b xxu||||| |||| 00| 0 spa d
040 |a centro_manes  |c universidad_colima 
100 |9 22716  |a Reyes, Francisco de P. 
245 |a Compendio del sistema métrico-decimal. 
260 |a Cuernavaca.  |b Imp. del Gobierno del Estado.  |c 1879 
300 |a 28 p.  |c 15 cm. 
500 |a Aparece: Francisco Ziga, "Bibliografía Pedagógica. Libros de texto para enseñanza primaria:1850-1970 V. Libros de Matemáticas" en Boletín del Instituto de Investigaciones Bibliográficas 1981-1982, Biblioteca Nacional, Hemeroteca Nacional, Universidad Nacional Autónoma de México, Nos. 18 - 19, p. 59. 
690 0 |a MATE 
691 0 |a PRI 
942 |2 ddc  |c BK 
999 |c 53739  |d 53739 
999 |c manes:53739  |d 53739